| 000 | 00559 a2200265 4500 | ||
|---|---|---|---|
| 260 | _aParis | ||
| 630 | _a57 - Biologie | ||
| 037 | _b4, Achat | ||
| 650 | _a5 - SCIENCES EXACTES ET NATURELLES | ||
| 100 | _aLederer, Edgar | ||
| 260 | _bEdiscience | ||
| 245 | _aCours de biochimie : lipides | ||
| 300 | _a124p | ||
| 650 | _aBiochimie | ||
| 260 | _c1970 | ||
| 300 | _b23cm | ||
| 100 | _lFr | ||
| 037 | _aS 5983 | ||
| 037 | _aS 5984 | ||
| 037 | _aS 5985 | ||
| 037 | _aS 5986 | ||
| 440 | _aCollection MaƮtrise | ||
| 999 |
_c41601 _d41601 |
||